000 00664nam a2200169 a 4500
003 0
005 20250618094042.0
008 030603s19uu xx 00 eng d
050 _aPHS LB 3215
_b.M36 2001
100 _aManabat, Wilmark S.
245 _aA Comparative study on the learning facilities resources of Southville International School and other nearby private schools /
_cWilmark S. Manabat.
260 _aLas PiƱas City, Philippines :
_bSouthville International School and Colleges,
_c2001.
300 _a30 pages :
_billustrations ;
_c28 cm.
650 _aSchool facilities
_zPhilippines.
650 _aPrivate schools
_zPhilippines.
942 _2lcc
_cPASS
999 _c96441
_d96441